000 00595nam a2200217 i 4500
001 bgj
100 1 _aMOON, Bob
245 1 0 _aA guide to the national curriculum /
_cBob Moon.
250 _a3rd ed.
260 _aNew York :
_bOxford University Press,
_c1996.
300 _a125 pp :
_bill. ;
_c20 cm.
500 _a1rd publ. in 1991 by OUP.
504 _aBibliography p. 121, 124-125.
650 9 _aEducation
_xCurricula
_zGreat Britain
020 _a0192880071
040 _cBPK
041 0 _aeng
920 _a0-19-288007-1
942 _cKS
008 s uk f |000 0 eng
999 _c49261
_d49261
856 _uhttp://koha.tu.koszalin.pl/cgi-bin/koha/opac-detail.pl?biblionumber=49261
_yKatalog online BPK